| 000 | 00747nam a2200241 i 4500 | ||
|---|---|---|---|
| 001 | 8712 | ||
| 003 | ES-MaACL | ||
| 005 | 20250629082007.0 | ||
| 007 | t| | ||
| 008 | 920825s1987 sp ||||1| spa d | ||
| 020 | _a84-505-6366-6 | ||
| 080 | _a86-14"19" | ||
| 080 | _a86(Guardia Rey,I.de la 7 C.01) | ||
| 100 | 1 |
_aGuardia Rey, Iñigo de la. _960315 |
|
| 245 | 1 | 3 |
_aLa Ciudad que se destruye cada noche / _cIñigo de la Guardia Rey. |
| 260 |
_aTalavera de la Reina : _bAyuntamiento, _c1987. |
||
| 300 |
_a56 p. ; _c21 cm. |
||
| 490 | 1 |
_aColección Melibea ; _v20 |
|
| 710 | 1 |
_aTalavera de la Reina. _bAyuntamiento _96902 |
|
| 830 | 0 |
_aColección Melibea ; _v20 _9178216 |
|
| 852 |
_aES-MaACL _jL-16109 _bR.117884 |
||
| 999 |
_c8712 _d8712 |
||